000 00904nam a2200313Ia 4500
008 160303s9999 xx 000 0 und d
020 _a971-584-481-2
050 _aREF RT 51
050 _b.J33 2006
100 _aJackson, Marilynn
245 _aClinical nursing pocket guide /
245 _cMarilynn Jackson.
260 _aSudbury, MA :
260 _bJones and Bartlett Publishers.
260 _c2006
300 _a234 pages :
300 _billustrations ;
300 _c14 cm.
500 _aIncludes bibliographical references and index.
650 _aClinical medicine --
650 _aClinical medicine.
650 _aNursing assessment --
650 _aNursing assessment.
650 _aPhysical diagnosis --
650 _aPhysical diagnosis.
650 _xHandbooks, manualas, etc.
650 _xHandbooks, manuals, etc.
650 _xHandbooks, manuals, etc.
999 _c291112
_d291112